Kto sú mormoni?

Bibliographic Details
Main Author: Podhradský, Ján (Author)
Format: Article
Language:Slovak
Subjects:

MARC

LEADER 00000nab a2200000 a 4500
001 vtls000467909
003 SK-MaSNL
005 20260303161722.0
008 140417c1992 xo 0 slo
015 |a SNBRB19rr/mm-uuuuu 
035 |a CL0468042 
040 |a SNKBUCL  |b slo  |c SNKBUCL  |e AACR2 
041 0 |a slo 
044 |a xo  |c SK 
080 |a 284  |2 1981 
100 1 |a Podhradský, Ján  |4 aut  |9 5262 
245 1 0 |a Kto sú mormoni?  |c Ján Podhradský 
610 2 7 |a Učeníci Ježiša Krista  |2 snkbucl  |9 1184496 
655 7 |a články z novín a časopisov  |2 snkbucl  |9 267496 
773 0 |t Rodina a škola  |g Roč. 39, č. 8 (1992), s. 10-11 
850 |a Slovenská národná knižnica v Martine  |a MTA001 
852 |a SNK  |b KIS3GCP 
958 |a RK 
992 |a RBX 
999 |c 2050430  |d 2052360